000 00457nam a2200181Ia 4500
001 25126
005 20260414151129.0
008 260414t1985||||xx |||||||||||||| ||spa||
041 _aESP
082 _a346.2
_bC78 1985 T. 1
100 _aCornejo Chávez, Héctor
_eAUT
245 0 _aDerecho familiar peruano :
_bsociedad conyugal
260 _c1985
300 _a381 páginas :
_c24 cm.
650 _aDER
654 _aCDE
942 _cLIB
_dJUS
_fJUS
_2ddc
_n
999 _c25126
_d25126